Szczegóły MARC21

Imperium wódki : alkohol, władza i polityka w Rosji carskiej /

003 -Nazwa inst., której nr kontr. jest w polu 001 [,]
    • @
    • Nazwa instytucji, której n kontrolny jest w polu 001
    • NUKAT
005 -DATA I CZAS OSTATNIEJ MODYFIKACJI [,]
    • @
    • pole kontrolne
    • 20241231101445.0
020 -Międzynarod. znormalizowany nr książki - ISBN [ , ]
    • a
    • Numer ISBN
    • 9788323338680 Find
040 -Instytucja sporządzająca opis [ , ]
    • a
    • Instytucja, która sporządziła opis (NP)
    • SIEDL 001/WST
    • c
    • Instytucja, która sporządziła rekord (NP)
    • SIEDL 001/WST
    • d
    • Instytucja, która zmodyfikowała rekord (P)
    • WR U/mts
    • d
    • Instytucja, która zmodyfikowała rekord (P)
    • KR 7/AK
041 -Język dokumentu [1, ]
    • a
    • Język tekstu (P)
    • polski
    • h
    • Język tekstu oryginalnego i/lub pośredniego (P)
    • angielski
942 -Rodzaj dokumentu [ , ]
    • c
    • Rodzaj dokumentu
    • Książka
100 -Hasło główne - nazwa osobowa [1, ]
    • a
    • Nazwa osobowa (NP)
    • Schrad, Mark Lawrence.
    • 9
    • KHW
    • 85650
240 -Tytuł ujednolicony [1,0]
    • a
    • Tytuł ujednolicony
    • Vodka politics
    • l
    • Język tekstu
    • (pol.)
    • 9
    • KHW
    • 88407
245 -Strefa tytułu i oznaczenia odpowiedzialności [1,0]
    • a
    • Tytuł
    • Imperium wódki : Find
    • b
    • Ciąg dalszy tytułu (NP)
    • alkohol, władza i polityka w Rosji carskiej / Find
    • c
    • Pozostałe elementy strefy tytułu i oznaczenia odpowiedzialności (NP)
    • Mark Lawrence Schrad ; tłumaczenie Aleksandra Czwojdrak.
260 -Strefa adresu wydawniczego [ , ]
    • a
    • Miejsce wydania (P)
    • Kraków :
    • b
    • Nazwa wydawcy (P)
    • Wydawnictwo Uniwersytetu Jagiellońskiego,
    • c
    • Data wydania (P)
    • cop. 2015.
300 -Strefa opisu fizycznego [ , ]
    • a
    • Określenie formy książki i/lub objętość (NP)
    • 325, [2] s. :
    • b
    • Oznaczenie ilustracji (NP)
    • il. ;
    • c
    • Format (NP)
    • 23 cm.
336 -Typ zawartości [ , ]
    • a
    • Termin opisujący typ zawartości
    • Tekst
    • b
    • Kod określający zawartość
    • txt
    • 2
    • Źródło (terminu i kodu)
    • rdacontent
337 -Typ mediów [ , ]
    • a
    • Tryb odtwarzania
    • Bez urządzenia pośredniczącego
    • b
    • Kod typu mediów
    • n
    • 2
    • Źródło (terminu i kodu)
    • rdamedia
338 -Typ/rodzaj nośnika [ , ]
    • a
    • Hasło opisujące typ nośnika
    • Wolumin
    • b
    • Kod typu nośnika
    • nc
    • 2
    • Źródło (terminu i kodu)
    • rdacarrier
490 -Strefa serii i książki wielotomowej - forma nie do wyszukiwania [1, ]
    • a
    • Tytuł (P)
    • Historiai Find
830 -Hasło dodatkowe serii i opisu książki wielotomowej - tytuł ujednolicony/tytuł [ ,0]
    • a
    • Tytuł ujednolicony/tytuł (NP)
    • Historiai (Kraków)
    • 9
    • KHW
    • 8027
504 -Uwaga dot. bibliogr. załącznikowej [ , ]
    • a
    • Uwaga dot. bibliografii załącznikowej
    • Indeks.
080 -Uniwersalna Klasyfikacja Dziesiętna [ , ]
    • 2
    • Identyfikator wydania tablic
    • UDC-P058
    • 9
    • UKD
    • 4589
    • a
    • Symbol klasyfikacji
    • 613.81
    • b
    • Dopowiedzenie
    • Napoje alkoholowe. Abstynencja. Zwalczanie alkoholizmu.
080 -Uniwersalna Klasyfikacja Dziesiętna [ , ]
    • 2
    • Identyfikator wydania tablic
    • UDC-P058
    • 9
    • UKD
    • 3967
    • a
    • Symbol klasyfikacji
    • 39
    • b
    • Dopowiedzenie
    • Etnologia. Etnografia. Zwyczaje i obyczaje. Folklor.
    • 4
    • UKD2
    • 8125
    • x
    • Poddział wspólny
    • (47+57)
    • c
    • Dopowiedzenie poddz. wspólnego
    • (Związek Socjalistycznych Republik Radzieckich. ZSRR (do 1991). Wspólnota Niepodległych Państw (od 1991). WNP).
080 -Uniwersalna Klasyfikacja Dziesiętna [ , ]
    • 2
    • Identyfikator wydania tablic
    • UDC-P058
    • 9
    • UKD
    • 7046
    • a
    • Symbol klasyfikacji
    • 94(47+57)
    • b
    • Dopowiedzenie
    • Historia. ZSRR (do 1991 r.). Wspólnota Niepodległych Państw (od 1991 r.).
080 -Uniwersalna Klasyfikacja Dziesiętna [ , ]
    • 2
    • Identyfikator wydania tablic
    • UDC-P058
    • 9
    • UKD
    • 2859
    • a
    • Symbol klasyfikacji
    • 323
    • b
    • Dopowiedzenie
    • Polityka wewnętrzna.
    • 4
    • UKD2
    • 8125
    • x
    • Poddział wspólny
    • (47+57)
    • c
    • Dopowiedzenie poddz. wspólnego
    • (Związek Socjalistycznych Republik Radzieckich. ZSRR (do 1991). Wspólnota Niepodległych Państw (od 1991). WNP).
650 -Hasło przedmiotowe [ ,7]
    • a
    • Hasło przedmiotowe
    • Konsumpcja alkoholu
    • z
    • Określnik geograficzny
    • Rosja
    • x
    • Określnik rzeczowy
    • historia.
    • 2
    • Źródło terminu
    • kaba
    • 9
    • KHW
    • 378380
650 -Hasło przedmiotowe [ ,7]
    • a
    • Hasło przedmiotowe
    • Wódka
    • x
    • Określnik rzeczowy
    • produkcja i handel
    • z
    • Określnik geograficzny
    • Rosja
    • x
    • Określnik rzeczowy
    • historia.
    • 2
    • Źródło terminu
    • kaba
    • 9
    • KHW
    • 378379
650 -Hasło przedmiotowe [ ,7]
    • a
    • Hasło przedmiotowe
    • Wódka
    • x
    • Określnik rzeczowy
    • aspekt społeczny
    • z
    • Określnik geograficzny
    • Rosja
    • x
    • Określnik rzeczowy
    • historia.
    • 2
    • Źródło terminu
    • kaba
    • 9
    • KHW
    • 378378
650 -Hasło przedmiotowe [ ,7]
    • a
    • Hasło przedmiotowe
    • Alkoholizm
    • z
    • Określnik geograficzny
    • Rosja
    • x
    • Określnik rzeczowy
    • historia.
    • 2
    • Źródło terminu
    • kaba
    • 9
    • KHW
    • 378377
651 -Hasło przedmiotowe w formie nazwy geograficznej [ ,7]
    • a
    • Nazwa geograficzna
    • Rosja
    • x
    • Określnik rzeczowy
    • obyczaje i zwyczaje
    • y
    • Określnik chronologiczny
    • 1533-1917.
    • 2
    • Źródło terminu
    • kaba
    • 9
    • KHW
    • 128145
980 -Symbol UKD [ , ]
    • a
    • UKD
    • 613.81:39(47+57):94(47+57):323(47+57)
700 -Hasło dodatkowe - nazwa osobowa [1, ]
    • a
    • Nazwa osobowa (NP)
    • Czwojdrak, Aleksandra. Find
    • e
    • Określenie rodzaju współpracy
    • Tł.
    • 9
    • KHW
    • 15011
710 -Hasło dodatkowe - nazwa ciała zbiorowego [2, ]
    • a
    • Nazwa ciała zbiorowego lub nazwa geograficzna jako pierwszy element (NP)
    • Uniwersytet Jagielloński.
    • b
    • Nazwa jednostki podrzędnej (P)
    • Wydawnictwo.
    • 4
    • Kod relacji
    • pbl
    • 9
    • KHW
    • 52643
920 -ISBN [ , ]
    • a
    • ISBN
    • 978-83-233-3868-0 Find
Lokalizacja Data inwentaryzacji Numer inwentarzowy Status udost.
BG2015-11-05WM.18290-3
BG2015-11-05WM.18291-3
BNS2015-07-01H.271921